| LEADER | 00809nam a2200205 u 4500 | ||
|---|---|---|---|
| 001 | 10041885 | ||
| 003 | GR-PaULI | ||
| 005 | 20210127084700.0 | ||
| 008 | 011126s1981 gr p gre | ||
| 952 | |0 0 |1 0 |2 ddc |4 0 |6 889_134000000000000_ΕΥΑ |7 0 |9 322763 |a LISP |b LISP |c DON |d 2021-01-27 |e ΓΑΛ |i 145209 |l 0 |o 889.134 ΕΥΑ |p 025000271417 |r 2021-01-27 00:00:00 |t 1 |w 2021-01-27 |y BKN | ||
| 999 | |c 181425 |d 181425 | ||
| 040 | |a GR-PaULI |c GR-PaULI |b gre |e AACR2 | ||
| 082 | 0 | 4 | |a 889.134 |2 23 |
| 100 | 1 | |9 185095 |a Ευαγγελάτος, Διονύσης |e συγγραφέας. | |
| 245 | 1 | 0 | |a Εχάθη : |b ποιήματα / |c Διονύση Ευαγγελάτου. |
| 260 | |a Αθήνα : |b Διογένης, |c 1981. | ||
| 300 | |a 29 σ. ; |b |c 25 εκ. | ||
| 655 | 4 | |a Ποίηση | |
| 942 | |2 ddc |c BKN | ||
| 998 | |c ΜΠΟΥΡΑΣ |d 2021-01 | ||